000
00282nam a2200121 a 4500
001
4140
005
20140414131850.0
008
090218s19uu xx 00 eng d
050
_a
M 550
_b
Or5 2003
100
_a
Orme, Helen
245
_a
What are rainbows made of?.
999
_c
110134
_d
110134